000 003450000a22001090004500
100 1 _aRincón, Héctor
245 1 0 _aMalparidos
300 _aVol.0, núm.722 (30 Abril - 6 mayo, 2007), Página 40
520 _aQue en Colombia el 53% de los embarazos son no deseados explica la infelicidad y la desesperanza.
773 0 _tCambio 16
942 _cANA
999 _c62108
_d62108